[Event "NB2 Asztalos csoport"]
[Site "Szentlorinc"]
[Date "2024.11.17"]
[Round "2.2"]
[White "Bihercz, Gabor"]
[Black "Jeszenszky, Jozsef"]
[Result "1-0"]
[WhiteElo "2202"]
[BlackElo "2034"]
[PlyCount "55"]
[EventDate "2024.11.03"]
[EventType "team-tourn"]
[EventRounds "9"]
[EventCountry "HUN"]
[Source "chess.hu"]
[SourceDate "2024.11.17"]
[WhiteTeam "Szentlorinc SE"]
[BlackTeam "Komloi BSK II."]
[WhiteTeamCountry "HUN"]
[BlackTeamCountry "HUN"]

1. d4 d5 2. Bf4 Nf6 3. Nc3 c5 4. e4 dxe4 5. dxc5 Qxd1+ 6. Rxd1 Bd7 7. Nb5 Na6
8. b4 g6 9. Be5 Bg7 10. a3 b6 11. Nc3 Nb8 12. Nxe4 Nxe4 13. Bxg7 Rg8 14. cxb6
axb6 15. Bb2 Bc6 16. Nf3 Nd7 17. Nd4 Bb7 18. f3 Nd6 19. Nb5 Nxb5 20. Bxb5 Bc8
21. Kf2 Kd8 22. Rhe1 g5 23. Re3 Ra7 24. Red3 Rg6 25. Bc1 e5 26. Rd5 f6 27. Be3
Ke8 28. a4 1-0

[Event "NB2 Asztalos csoport"]
[Site "Szentlorinc"]
[Date "2024.11.17"]
[Round "2.3"]
[White "Majnay, Peter"]
[Black "Bene, Zoltan"]
[Result "1/2-1/2"]
[WhiteElo "1962"]
[BlackElo "2142"]
[PlyCount "94"]
[EventDate "2024.11.03"]
[EventType "team-tourn"]
[EventRounds "9"]
[EventCountry "HUN"]
[Source "chess.hu"]
[SourceDate "2024.11.17"]
[WhiteTeam "Komloi BSK II."]
[BlackTeam "Szentlorinc SE"]
[WhiteTeamCountry "HUN"]
[BlackTeamCountry "HUN"]

1. e4 c5 2. Nf3 Nc6 3. d4 cxd4 4. Nxd4 Nf6 5. Nc3 e5 6. Ndb5 d6 7. Bg5 a6 8.
Bxf6 gxf6 9. Na3 b5 10. Nd5 f5 11. exf5 Bxf5 12. c3 Bg7 13. Qf3 Bd7 14. Bd3 O-O
15. Ne3 Ne7 16. Nf5 Bxf5 17. Bxf5 d5 18. Nc2 Qd6 19. Qh3 h6 20. O-O Qf6 21. Bd3
e4 22. Be2 Ng6 23. Qe3 Nf4 24. g3 Ne6 25. Rfd1 Rfd8 26. a4 bxa4 27. Rxa4 a5 28.
f3 Rab8 29. Ra2 exf3 30. Bxf3 Ng5 31. Bg2 d4 32. cxd4 Qb6 33. d5 Qc7 34. Nd4
Qc4 35. b3 Qc5 36. Nf5 Qxe3+ 37. Nxe3 Rxb3 38. Nf5 Bc3 39. Ne7+ Kf8 40. Nc6 Ra8
41. h4 Nh7 42. d6 Bf6 43. d7 Rxg3 44. d8=Q+ Bxd8 45. Rxd8+ Rxd8 46. Nxd8 Rg4
47. Rxa5 Rxh4 1/2-1/2

[Event "NB2 Asztalos csoport"]
[Site "Szentlorinc"]
[Date "2024.11.17"]
[Round "2.4"]
[White "Kohalmi, Endre Jr"]
[Black "Lantos, Levente"]
[Result "1-0"]
[WhiteElo "2018"]
[BlackElo "2071"]
[PlyCount "65"]
[EventDate "2024.11.03"]
[EventType "team-tourn"]
[EventRounds "9"]
[EventCountry "HUN"]
[Source "chess.hu"]
[SourceDate "2024.11.17"]
[WhiteTeam "Szentlorinc SE"]
[BlackTeam "Komloi BSK II."]
[WhiteTeamCountry "HUN"]
[BlackTeamCountry "HUN"]

1. d4 Nf6 2. Nc3 d5 3. Bf4 c6 4. e3 Bf5 5. Nf3 e6 6. Ne5 Nbd7 7. g4 Nxe5 8.
gxf5 Ned7 9. fxe6 fxe6 10. h3 Qe7 11. Bd3 g6 12. Rg1 Bg7 13. Qe2 e5 14. Bg5
exd4 15. exd4 Qxe2+ 16. Kxe2 Kf7 17. Rae1 h6 18. Be3 Rhe8 19. Kd1 Rad8 20. Bf1
Re6 21. Bd3 Nh5 22. Rg4 Rde8 23. Reg1 Nf8 24. Ne2 Rf6 25. c4 g5 26. cxd5 cxd5
27. h4 Ne6 28. hxg5 hxg5 29. Bxg5 Rxf2 30. Bh4 Rxe2 31. Bg6+ Kf8 32. Bxh5 Rxb2
33. Rf1+ 1-0

[Event "NB2 Asztalos csoport"]
[Site "Szentlorinc"]
[Date "2024.11.17"]
[Round "2.5"]
[White "Juhasz, Zoltan"]
[Black "Drinoczi, Peter"]
[Result "1-0"]
[WhiteElo "1923"]
[BlackElo "2026"]
[PlyCount "103"]
[EventDate "2024.11.03"]
[EventType "team-tourn"]
[EventRounds "9"]
[EventCountry "HUN"]
[Source "chess.hu"]
[SourceDate "2024.11.17"]
[WhiteTeam "Komloi BSK II."]
[BlackTeam "Szentlorinc SE"]
[WhiteTeamCountry "HUN"]
[BlackTeamCountry "HUN"]

1. e4 e5 2. Nf3 d6 3. Bc4 Be7 4. c3 Nf6 5. Ng5 O-O 6. Qb3 Qe8 7. d3 h6 8. Nf3
c6 9. a4 Nbd7 10. Be3 Ng4 11. Nbd2 Kh8 12. Qc2 Nxe3 13. fxe3 f5 14. O-O fxe4
15. dxe4 Nf6 16. b4 g5 17. Bb3 Qg6 18. Qd3 Bg4 19. Bc2 Rad8 20. h3 Be6 21. Nh2
h5 22. c4 g4 23. h4 g3 24. Nhf3 Ng4 25. Qe2 Nf2 26. Rxf2 gxf2+ 27. Qxf2 Rg8 28.
Kh2 Rdf8 29. Rg1 d5 30. c5 dxe4 31. Bxe4 Qg4 32. Qe1 Rxf3 33. Bxf3 Bxh4 34.
Bxg4 Bxe1 35. Bxe6 Bxd2 36. Bxg8 Kxg8 37. Rd1 Bxb4 38. Rd8+ Kf7 39. Rd7+ Ke6
40. Rxb7 Bxc5 41. e4 h4 42. Rh7 Bf2 43. Kh3 a5 44. Kg4 Kd6 45. Kf5 Bg3 46. Ra7
Be1 47. Ra8 Bc3 48. Rh8 c5 49. Rxh4 c4 50. g4 Be1 51. Rh1 Bd2 52. g5 1-0

[Event "NB2 Asztalos csoport"]
[Site "Szentlorinc"]
[Date "2024.11.17"]
[Round "2.6"]
[White "Hovorka, Tamas"]
[Black "Nemeth, Attila Janos"]
[Result "1-0"]
[WhiteElo "2044"]
[BlackElo "1914"]
[PlyCount "145"]
[EventDate "2024.11.03"]
[EventType "team-tourn"]
[EventRounds "9"]
[EventCountry "HUN"]
[Source "chess.hu"]
[SourceDate "2024.11.17"]
[WhiteTeam "Szentlorinc SE"]
[BlackTeam "Komloi BSK II."]
[WhiteTeamCountry "HUN"]
[BlackTeamCountry "HUN"]

1. d4 d5 2. Nf3 Nf6 3. Bg5 c6 4. c3 Qb6 5. Qb3 Bf5 6. Nbd2 Nbd7 7. e3 h6 8. Bh4
e6 9. Be2 Bd6 10. O-O O-O 11. c4 Qxb3 12. axb3 Ne4 13. Nxe4 dxe4 14. Nd2 Bb4
15. Rfd1 e5 16. Nf1 g5 17. Bg3 Rfe8 18. Bxe5 Nxe5 19. dxe5 Rxe5 20. g4 Be6 21.
Ng3 Bc5 22. Nh5 Kf8 23. h3 Ke7 24. Bf1 f5 25. gxf5 Bxf5 26. Ng3 Bg6 27. Be2 Rd8
28. b4 Bxb4 29. Rxa7 Rb8 30. Bg4 Bd6 31. Kg2 Rc5 32. b3 Bxg3 33. Kxg3 h5 34.
Bd7 Bf5 35. Bxf5 Rxf5 36. Rd4 Re5 37. b4 Kf6 38. Ra2 Rbe8 39. Rad2 Kf5 40. Rd8
h4+ 41. Kg2 g4 42. Rxe8 Rxe8 43. Rd7 gxh3+ 44. Kxh3 Ke6 45. Rd4 Ke5 46. Kxh4
Re7 47. c5 Rg7 48. Kh3 Kf5 49. Rd6 Ke5 50. Rd8 Ke6 51. Re8+ Kd5 52. Kh2 b6 53.
Rd8+ Ke5 54. Rd6 bxc5 55. bxc5 Rf7 56. Kg2 Rf6 57. Rd8 Kf5 58. f3 exf3+ 59.
Kxf3 Ke5+ 60. Ke2 Rh6 61. Kd2 Rh2+ 62. Kc3 Rh1 63. Rd6 Rc1+ 64. Kb4 Re1 65.
Rxc6 Rxe3 66. Rd6 Re1 67. Kb5 Rb1+ 68. Kc6 Ra1 69. Rd2 Ra7 70. Kb6 Ra3 71. c6
Ke6 72. Kb7 Ke7 73. Rb2 1-0

[Event "NB2 Asztalos csoport"]
[Site "Szentlorinc"]
[Date "2024.11.17"]
[Round "2.7"]
[White "Gyorke, Zoltan"]
[Black "Horvath, Gergely"]
[Result "1/2-1/2"]
[WhiteElo "1957"]
[BlackElo "1951"]
[PlyCount "35"]
[EventDate "2024.11.03"]
[EventType "team-tourn"]
[EventRounds "9"]
[EventCountry "HUN"]
[Source "chess.hu"]
[SourceDate "2024.11.17"]
[WhiteTeam "Komloi BSK II."]
[BlackTeam "Szentlorinc SE"]
[WhiteTeamCountry "HUN"]
[BlackTeamCountry "HUN"]

1. d4 c6 2. c4 d5 3. cxd5 cxd5 4. Nf3 Nf6 5. Nc3 Nc6 6. Bf4 Bf5 7. e3 a6 8. Bd3
Bxd3 9. Qxd3 e6 10. O-O Bd6 11. Bxd6 Qxd6 12. Rac1 b5 13. e4 Nb4 14. Nxb5 Nxd3
15. Nxd6+ Kd7 16. Rc3 dxe4 17. Nxe4 Nxe4 18. Rxd3 1/2-1/2

[Event "NB2 Asztalos csoport"]
[Site "Szentlorinc"]
[Date "2024.11.17"]
[Round "2.8"]
[White "Konya, Attila"]
[Black "Kollar, Tibor"]
[Result "0-1"]
[WhiteElo "1869"]
[BlackElo "1821"]
[PlyCount "74"]
[EventDate "2024.11.03"]
[EventType "team-tourn"]
[EventRounds "9"]
[EventCountry "HUN"]
[Source "chess.hu"]
[SourceDate "2024.11.17"]
[WhiteTeam "Szentlorinc SE"]
[BlackTeam "Komloi BSK II."]
[WhiteTeamCountry "HUN"]
[BlackTeamCountry "HUN"]

1. e4 e5 2. Nf3 Nc6 3. Bb5 f5 4. d3 fxe4 5. dxe4 Nf6 6. O-O d6 7. Re1 Be6 8.
Nc3 Be7 9. Bg5 O-O 10. h3 a6 11. Ba4 Nd7 12. Bxe7 Nxe7 13. Ng5 Bc4 14. b3 Bf7
15. Nxf7 Rxf7 16. b4 Rf8 17. Nd5 Ng6 18. Bb3 Kh8 19. Qd2 Nf4 20. Nxf4 exf4 21.
Qd5 Ne5 22. Rad1 Qg5 23. Kh1 f3 24. g3 Qh5 25. h4 g5 26. Qe6 Ng4 27. Rd5 h6 28.
Kg1 Rae8 29. Qd7 Nf6 30. Qxc7 Nxd5 31. Bxd5 gxh4 32. Qc3+ Re5 33. Kh2 hxg3+ 34.
Kxg3 Qg5+ 35. Kh3 Kh7 36. Qc7+ Re7 37. Qxd6 Qh5+ 0-1

[Event "NB2 Asztalos csoport"]
[Site "Szentlorinc"]
[Date "2024.11.17"]
[Round "2.9"]
[White "Koncsag, Sandor"]
[Black "Peregi, Zsolt"]
[Result "0-1"]
[WhiteElo "1768"]
[BlackElo "1963"]
[PlyCount "64"]
[EventDate "2024.11.03"]
[EventType "team-tourn"]
[EventRounds "9"]
[EventCountry "HUN"]
[Source "chess.hu"]
[SourceDate "2024.11.17"]
[WhiteTeam "Komloi BSK II."]
[BlackTeam "Szentlorinc SE"]
[WhiteTeamCountry "HUN"]
[BlackTeamCountry "HUN"]

1. f4 d5 2. Nf3 c5 3. e3 Nc6 4. c3 Bf5 5. d4 e6 6. Bd3 Bg4 7. O-O Nge7 8. Qe1
c4 9. Bc2 h6 10. Nbd2 Bf5 11. Ne5 Bxc2 12. e4 dxe4 13. Nxe4 Bxe4 14. Qxe4 Nxe5
15. fxe5 Nc6 16. Qf3 Qd7 17. Qg3 g6 18. Qh3 Bg7 19. Rf2 O-O-O 20. b3 cxb3 21.
axb3 a6 22. b4 Nxb4 23. cxb4 Qxd4 24. Bb2 Qxb4 25. Ba3 Qe4 26. Rc1+ Kb8 27.
Bd6+ Rxd6 28. exd6 Bd4 29. Qg3 Qe3 30. d7+ Qxg3 31. hxg3 Bxf2+ 32. Kxf2 Rd8 0-1

[Event "NB2 Asztalos csoport"]
[Site "Szentlorinc"]
[Date "2024.11.17"]
[Round "2.10"]
[White "Bogar, Gabor"]
[Black "Nemeth, David Istvan"]
[Result "1/2-1/2"]
[WhiteElo "1840"]
[BlackElo "1754"]
[PlyCount "178"]
[EventDate "2024.11.03"]
[EventType "team-tourn"]
[EventRounds "9"]
[EventCountry "HUN"]
[Source "chess.hu"]
[SourceDate "2024.11.17"]
[WhiteTeam "Szentlorinc SE"]
[BlackTeam "Komloi BSK II."]
[WhiteTeamCountry "HUN"]
[BlackTeamCountry "HUN"]

1. d4 d5 2. c4 e5 3. cxd5 Qxd5 4. e3 Nc6 5. Nf3 Bg4 6. Nc3 Bb4 7. Be2 O-O-O 8.
a3 Bxc3+ 9. bxc3 exd4 10. cxd4 Nf6 11. O-O Ne4 12. Nd2 Bxe2 13. Qxe2 h5 14.
Nxe4 Qxe4 15. Qb2 Rh6 16. f3 Qd3 17. Qd2 Ne5 18. Rd1 Qg6 19. Qe2 Qa6 20. Qxa6
Rxa6 21. e4 f6 22. Bf4 Nf7 23. Rdc1 c6 24. Be3 Kd7 25. a4 g5 26. Kf2 Nd6 27.
Bd2 Rb6 28. Rc2 Rb3 29. Raa2 Ke6 30. Rc5 Ne8 31. Be3 Rd6 32. Ra5 a6 33. Rc5 Kd7
34. Rac2 b6 35. R5c3 Rb4 36. Rc4 Rxc4 37. Rxc4 b5 38. axb5 cxb5 39. Rb4 Nc7 40.
d5 a5 41. Rb1 Ra6 42. Ke2 b4 43. Kd3 Nb5 44. Bc5 Nc3 45. Ra1 Nb5 46. Bxb4 a4
47. Kc4 Nc7 48. g3 Ra8 49. Ra2 g4 50. f4 Re8 51. Kd3 f5 52. exf5 Nxd5 53. Rxa4
Re3+ 54. Kd2 h4 55. Bc5 Rb3 56. Ra3 Rb2+ 57. Kd3 Rxh2 58. gxh4 Rh3+ 59. Ke4
Nc3+ 60. Ke5 Rd3 61. Bd4 Rxd4 62. Rxc3 Ra4 63. Rg3 Ke7 64. Rxg4 Ra5+ 65. Ke4
Ra4+ 66. Kf3 Ra3+ 67. Kg2 Kf6 68. Rg5 Ra2+ 69. Kg3 Ra1 70. Kg4 Rg1+ 71. Kh5 Rf1
72. Kh6 Rxf4 73. h5 Rf2 74. Rg8 Kf7 75. Rg7+ Kf6 76. Kh7 Rxf5 77. h6 Rh5 78.
Ra7 Rg5 79. Kh8 Rg6 80. h7 Rg3 81. Ra1 Kf7 82. Ra8 Rg1 83. Rg8 Rc1 84. Rg7+ Kf6
85. Rg3 Rc8+ 86. Rg8 Rc1 87. Rf8+ Ke7 88. Rg8 Kf7 89. Rg7+ Kf6 1/2-1/2

[Event "NB2 Asztalos csoport"]
[Site "Szentlorinc"]
[Date "2024.11.17"]
[Round "2.11"]
[White "Koros, Szabolcs Attila"]
[Black "Fabian, Zsombor"]
[Result "0-1"]
[WhiteElo "1647"]
[BlackElo "1756"]
[PlyCount "36"]
[EventDate "2024.11.03"]
[EventType "team-tourn"]
[EventRounds "9"]
[EventCountry "HUN"]
[Source "chess.hu"]
[SourceDate "2024.11.17"]
[WhiteTeam "Komloi BSK II."]
[BlackTeam "Szentlorinc SE"]
[WhiteTeamCountry "HUN"]
[BlackTeamCountry "HUN"]

1. d4 Nf6 2. c4 g6 3. Nc3 d5 4. e3 Bg7 5. Qb3 e6 6. cxd5 exd5 7. Nf3 O-O 8. Bd3
Re8 9. h3 Nbd7 10. O-O Nb6 11. Re1 Be6 12. Bd2 Rc8 13. Rac1 c5 14. dxc5 d4 15.
Qa3 dxc3 16. cxb6 cxd2 17. Rxc8 dxe1=Q+ 18. Nxe1 Qxc8 0-1

[Event "NB2 Asztalos csoport"]
[Site "Szentlorinc"]
[Date "2024.11.17"]
[Round "2.12"]
[White "Antal, Daniel"]
[Black "Csiszar, Vivien"]
[Result "1-0"]
[WhiteElo "1595"]
[BlackElo "1510"]
[PlyCount "45"]
[EventDate "2024.11.03"]
[EventType "team-tourn"]
[EventRounds "9"]
[EventCountry "HUN"]
[Source "chess.hu"]
[SourceDate "2024.11.17"]
[WhiteTeam "Szentlorinc SE"]
[BlackTeam "Komloi BSK II."]
[WhiteTeamCountry "HUN"]
[BlackTeamCountry "HUN"]

1. c4 Nf6 2. Nc3 d5 3. cxd5 Nxd5 4. g3 g6 5. Bg2 Nxc3 6. bxc3 Bg7 7. d4 O-O 8.
e4 c5 9. Ne2 Nc6 10. d5 Ne5 11. f4 Nc4 12. Qb3 Nb6 13. e5 Bg4 14. Be3 Bxe2 15.
Kxe2 Qc7 16. Rhd1 Rfd8 17. a4 a5 18. Rab1 Ra6 19. Kf2 Qc8 20. Qb5 Nd7 21. Qxb7
Qa8 22. d6 exd6 23. Qxa8 1-0

[Event "NB2 Asztalos csoport"]
[Site "Decs"]
[Date "2024.11.17"]
[Round "2.1"]
[White "Arbutina, Sinisa"]
[Black "Papp, Tamas"]
[Result "1-0"]
[WhiteElo "2185"]
[BlackElo "2263"]
[PlyCount "127"]
[EventDate "2024.11.03"]
[EventType "team-tourn"]
[EventRounds "9"]
[EventCountry "HUN"]
[Source "chess.hu"]
[SourceDate "2024.11.17"]
[WhiteTeam "Bajai SSC"]
[BlackTeam "Decs 1990"]
[WhiteTeamCountry "HUN"]
[BlackTeamCountry "HUN"]

1. d4 Nf6 2. Nf3 e6 3. b3 b6 4. e3 Bb7 5. Bb2 c5 6. c4 cxd4 7. Nxd4 a6 8. Nf3
Bb4+ 9. Bc3 Bxc3+ 10. Nxc3 d5 11. cxd5 Nxd5 12. Nxd5 Bxd5 13. Be2 O-O 14. O-O
Nd7 15. Qd4 Nf6 16. Rfd1 Qb8 17. Rac1 Qb7 18. Ne1 h6 19. f3 Rac8 20. e4 Bc6 21.
Qe3 b5 22. Nd3 Rfd8 23. Kf2 a5 24. a3 Be8 25. b4 axb4 26. axb4 Rxc1 27. Rxc1
Qa6 28. Nc5 Qa2 29. Qb3 Qa7 30. Rd1 Rxd1 31. Qxd1 Qc7 32. g3 Bc6 33. Qd4 e5 34.
Qa1 Nd7 35. Nxd7 Bxd7 36. Qa8+ Kh7 37. Qd5 f6 38. Qc5 Qb8 39. Ke3 Qe8 40. Bd3
g5 41. f4 gxf4+ 42. gxf4 exf4+ 43. Kxf4 Kg7 44. Qd6 Qf7 45. Ke3 Qe8 46. Kd4 Be6
47. Qc7+ Bf7 48. e5 fxe5+ 49. Qxe5+ Qxe5+ 50. Kxe5 Be8 51. Ke6 Bf7+ 52. Ke5 Be8
53. Kd4 Kf6 54. Kc5 Ke5 55. Bxb5 Bg6 56. Ba6 Be8 57. Bb7 Ba4 58. Bc6 Bd1 59. b5
Be2 60. b6 Ba6 61. Bg2 h5 62. Kc6 h4 63. Kc7 Kd4 64. Bf1 1-0

[Event "NB2 Asztalos csoport"]
[Site "Decs"]
[Date "2024.11.17"]
[Round "2.2"]
[White "Taskovits, Istvan"]
[Black "Gabric, Goran"]
[Result "1-0"]
[WhiteElo "2332"]
[BlackElo "2203"]
[PlyCount "69"]
[EventDate "2024.11.03"]
[EventType "team-tourn"]
[EventRounds "9"]
[EventCountry "HUN"]
[Source "chess.hu"]
[SourceDate "2024.11.17"]
[WhiteTeam "Decs 1990"]
[BlackTeam "Bajai SSC"]
[WhiteTeamCountry "HUN"]
[BlackTeamCountry "HUN"]

1. d4 d5 2. c4 e6 3. Nc3 Be7 4. Nf3 Nf6 5. Bf4 O-O 6. e3 Nbd7 7. cxd5 exd5 8.
Bd3 c6 9. Qc2 b5 10. O-O Nb6 11. Ne2 Bd7 12. Ng3 Re8 13. Ne5 Nc4 14. b3 Na3 15.
Qe2 c5 16. dxc5 Bxc5 17. Rac1 Bf8 18. Nxd7 Qxd7 19. Rc7 Qe6 20. Bxb5 Rec8 21.
Ba6 Rxc7 22. Bxc7 h5 23. h4 g6 24. Rd1 Re8 25. Bf4 Ng4 26. Bb7 Qe7 27. Bc6 Rd8
28. Rxd5 Rxd5 29. Bxd5 Qxh4 30. Qa6 Qh2+ 31. Kf1 Kh8 32. Qxa7 Nc2 33. Qxf7
Ncxe3+ 34. fxe3 Nxe3+ 35. Bxe3 1-0

[Event "NB2 Asztalos csoport"]
[Site "Decs"]
[Date "2024.11.17"]
[Round "2.3"]
[White "Barta, Sandor"]
[Black "Kiss, Lajos"]
[Result "0-1"]
[WhiteElo "2090"]
[BlackElo "2147"]
[PlyCount "98"]
[EventDate "2024.11.03"]
[EventType "team-tourn"]
[EventRounds "9"]
[EventCountry "HUN"]
[Source "chess.hu"]
[SourceDate "2024.11.17"]
[WhiteTeam "Bajai SSC"]
[BlackTeam "Decs 1990"]
[WhiteTeamCountry "HUN"]
[BlackTeamCountry "HUN"]

1. d4 Nf6 2. e3 d5 3. Bd3 c5 4. dxc5 e6 5. a3 Bxc5 6. b4 Bd6 7. Bb2 a5 8. b5 e5
9. c4 e4 10. Be2 Nbd7 11. cxd5 Nb6 12. Nd2 Nbxd5 13. Bc4 Nb6 14. Ba2 Bf5 15.
Ne2 O-O 16. Ng3 Bxg3 17. hxg3 Ng4 18. Rh4 Qg5 19. Nxe4 Qg6 20. Qd4 Bxe4 21. f3
Nxe3 22. Qxe3 Bd3 23. Kf2 Rfe8 24. Be5 Nd7 25. f4 Qf5 26. g4 Qg6 27. Rd1 Nxe5
28. fxe5 Bxb5 29. Bb1 Qc6 30. Bxh7+ Kf8 31. Bf5 Kg8 32. a4 Bxa4 33. Bh7+ Kf8
34. Be4 Rxe5 35. Bxc6 Rxe3 36. Rh8+ Ke7 37. Rd7+ Ke6 38. Rxa8 Bxc6 39. Rd4 Ra3
40. Rg8 g6 41. Rgd8 a4 42. R4d6+ Ke5 43. Rd2 Rb3 44. Rf8 a3 45. Re2+ Kd4 46.
Rxf7 Rb2 47. Rf8 Bb5 48. Rf4+ Kc3 49. Rf3+ Bd3 0-1

[Event "NB2 Asztalos csoport"]
[Site "Decs"]
[Date "2024.11.17"]
[Round "2.4"]
[White "Nagybiro, Laszlo"]
[Black "Balint, Richard"]
[Result "1/2-1/2"]
[WhiteElo "2108"]
[BlackElo "2081"]
[PlyCount "141"]
[EventDate "2024.11.03"]
[EventType "team-tourn"]
[EventRounds "9"]
[EventCountry "HUN"]
[Source "chess.hu"]
[SourceDate "2024.11.17"]
[WhiteTeam "Decs 1990"]
[BlackTeam "Bajai SSC"]
[WhiteTeamCountry "HUN"]
[BlackTeamCountry "HUN"]

1. d4 Nf6 2. c4 g6 3. Nc3 Bg7 4. e4 d6 5. Be2 O-O 6. Nf3 Nc6 7. d5 Ne5 8. Nxe5
dxe5 9. Be3 e6 10. Bc5 Re8 11. d6 Bf8 12. Nb5 cxd6 13. Bxd6 Nxe4 14. Bxe5 Bb4+
15. Bc3 Nxc3 16. Nxc3 Bxc3+ 17. bxc3 Bd7 18. Bf3 Qc7 19. O-O Rac8 20. Rb1 b6
21. c5 Red8 22. cxb6 axb6 23. Qb3 b5 24. Rfc1 Qe5 25. h3 Rc5 26. c4 Rdc8 27.
Qd1 Qc7 28. a4 Be8 29. axb5 Bxb5 30. Be2 Bxc4 31. Bxc4 Rxc4 32. Rxc4 Qxc4 33.
Qf3 Qd5 34. Qg3 Kg7 35. Qe3 Qf5 36. Rc1 Rd8 37. Qc3+ Qf6 38. Qe3 Rb8 39. Re1
Rc8 40. Rc1 Rb8 41. Re1 Rd8 42. Rc1 Qd4 43. Qe2 Rd5 44. Rf1 h5 45. Rb1 Qe5 46.
Qxe5+ Rxe5 47. h4 Kf6 48. g3 Kf5 49. Kg2 Rc5 50. Rb7 f6 51. Rb4 e5 52. Ra4 Rd5
53. Kf3 Rd4 54. Ra5 Rb4 55. Rc5 Rb3+ 56. Kg2 Rb6 57. Ra5 Rd6 58. Rb5 Ke4 59.
Rb1 Rc6 60. Rb4+ Kd3 61. Rb3+ Kc2 62. Rb4 Rd6 63. Ra4 f5 64. Kf3 Kd2 65. Ra2+
Ke1 66. Kg2 e4 67. Ra1+ Ke2 68. Ra3 Rd3 69. Ra6 Rd2 70. Ra3 Ke1 71. Ra1+
1/2-1/2

[Event "NB2 Asztalos csoport"]
[Site "Decs"]
[Date "2024.11.17"]
[Round "2.5"]
[White "Follardt, Lorinc"]
[Black "Gal, Peter"]
[Result "1/2-1/2"]
[WhiteElo "1992"]
[BlackElo "2054"]
[PlyCount "46"]
[EventDate "2024.11.03"]
[EventType "team-tourn"]
[EventRounds "9"]
[EventCountry "HUN"]
[Source "chess.hu"]
[SourceDate "2024.11.17"]
[WhiteTeam "Bajai SSC"]
[BlackTeam "Decs 1990"]
[WhiteTeamCountry "HUN"]
[BlackTeamCountry "HUN"]

1. Nf3 d5 2. c4 c6 3. g3 Nf6 4. Bg2 e6 5. O-O Be7 6. d3 O-O 7. Nc3 Nbd7 8. Rb1
a5 9. a3 Nb6 10. Nd2 e5 11. b4 axb4 12. axb4 Be6 13. b5 dxc4 14. bxc6 bxc6 15.
Nxc4 Nxc4 16. dxc4 Bxc4 17. Bxc6 Rc8 18. Bf3 Qa5 19. Bd2 Bb4 20. Rxb4 Qxb4 21.
Nd5 Qb5 22. Ne7+ Kh8 23. Nxc8 Rxc8 1/2-1/2

[Event "NB2 Asztalos csoport"]
[Site "Decs"]
[Date "2024.11.17"]
[Round "2.6"]
[White "Horvath, Balazs"]
[Black "Darazs, Zoltan"]
[Result "0-1"]
[WhiteElo "2083"]
[BlackElo "2038"]
[PlyCount "110"]
[EventDate "2024.11.03"]
[EventType "team-tourn"]
[EventRounds "9"]
[EventCountry "HUN"]
[Source "chess.hu"]
[SourceDate "2024.11.17"]
[WhiteTeam "Decs 1990"]
[BlackTeam "Bajai SSC"]
[WhiteTeamCountry "HUN"]
[BlackTeamCountry "HUN"]

1. e4 e5 2. Bc4 Nf6 3. d3 c6 4. Nf3 d5 5. Bb3 Bd6 6. O-O O-O 7. Bg5 dxe4 8.
dxe4 h6 9. Bh4 Na6 10. c3 Nc5 11. Bc2 a5 12. h3 Qe7 13. Nbd2 Be6 14. Nxe5 Bxe5
15. f4 Bxf4 16. Rxf4 g5 17. Rxf6 Qxf6 18. Bf2 Nd7 19. Bd4 Qg6 20. Qe2 c5 21.
Bf2 b6 22. Nf3 Rfd8 23. a4 Qg7 24. e5 Bd5 25. Bg3 Bxf3 26. gxf3 Re8 27. Re1 Nf8
28. Qb5 Ng6 29. Qc6 Rac8 30. Qd6 Re6 31. Qd7 Rce8 32. Bb3 R6e7 33. Qc6 Nf4 34.
e6 fxe6 35. Kh1 Qf6 36. Kh2 Qf5 37. Bxf4 Qxf4+ 38. Kh1 Qg3 39. Rxe6 Qxh3+ 40.
Kg1 Kg7 41. Qxe8 Rxe8 42. Rxe8 Qg3+ 43. Kf1 Qxf3+ 44. Ke1 Qg3+ 45. Kd2 c4 46.
Bxc4 Qf4+ 47. Kd3 Qf1+ 48. Re2 g4 49. Kc2 Qf3 50. Re7+ Kf8 51. Rh7 g3 52. Rxh6
Qf2+ 53. Kb3 g2 54. Rh8+ Kg7 55. Rg8+ Kh7 0-1

[Event "NB2 Asztalos csoport"]
[Site "Decs"]
[Date "2024.11.17"]
[Round "2.7"]
[White "Javor, Sandor"]
[Black "B.Garai, Lehel"]
[Result "1-0"]
[WhiteElo "2081"]
[BlackElo "1938"]
[PlyCount "120"]
[EventDate "2024.11.03"]
[EventType "team-tourn"]
[EventRounds "9"]
[EventCountry "HUN"]
[Source "chess.hu"]
[SourceDate "2024.11.17"]
[WhiteTeam "Bajai SSC"]
[BlackTeam "Decs 1990"]
[WhiteTeamCountry "HUN"]
[BlackTeamCountry "HUN"]

1. f4 e5 2. fxe5 d6 3. Nf3 dxe5 4. e4 Nc6 5. Bc4 Bc5 6. Qe2 Nf6 7. d3 Bg4 8. c3
O-O 9. Bg5 Qd6 10. Nbd2 a6 11. Bb3 b5 12. h3 Bxf3 13. Qxf3 Rad8 14. Bxf6 Qxf6
15. Qxf6 gxf6 16. Ke2 Rd6 17. Rhf1 Rfd8 18. Rf3 Ne7 19. Bc2 Kg7 20. Nf1 Bb6 21.
Ng3 c5 22. Rd1 Kg6 23. Nf5 Nxf5 24. Rxf5 R8d7 25. Rdf1 Bd8 26. R5f3 h5 27. Bb3
c4 28. Bc2 Kh6 29. Rd1 Bb6 30. dxc4 bxc4 31. Ba4 Rd8 32. Rxd6 Rxd6 33. b3 cxb3
34. axb3 a5 35. Bb5 Bc5 36. Bc4 Kg7 37. Bd5 Ra6 38. Kd3 Be7 39. Rf1 h4 40. Kc4
Bd8 41. Rd1 Bc7 42. Kb5 Rb6+ 43. Kc5 Kf8 44. b4 axb4 45. cxb4 Rd6 46. Ra1 Ke7
47. Ra7 Kd8 48. Bc6 f5 49. exf5 f6 50. Ra8+ Ke7 51. Rh8 Rd4 52. Re8+ Kf7 53.
Re6 Bd8 54. b5 Rd2 55. Bd5 Be7+ 56. Kc6 Bd8 57. Rd6+ Ke7 58. Rd7+ Ke8 59. Bf7+
Kf8 60. Rxd2 Kxf7 1-0

[Event "NB2 Asztalos csoport"]
[Site "Decs"]
[Date "2024.11.17"]
[Round "2.8"]
[White "Balazs, Imre"]
[Black "Kelemen, Aron"]
[Result "1-0"]
[WhiteElo "1998"]
[BlackElo "1945"]
[PlyCount "81"]
[EventDate "2024.11.03"]
[EventType "team-tourn"]
[EventRounds "9"]
[EventCountry "HUN"]
[Source "chess.hu"]
[SourceDate "2024.11.17"]
[WhiteTeam "Decs 1990"]
[BlackTeam "Bajai SSC"]
[WhiteTeamCountry "HUN"]
[BlackTeamCountry "HUN"]

1. e4 c5 2. c3 Nf6 3. e5 Nd5 4. d4 d6 5. Nf3 Nc6 6. Be2 Bf5 7. O-O e6 8. Na3
dxe5 9. Nxe5 Nxe5 10. dxe5 a6 11. Qb3 Qc8 12. Bf3 Bd3 13. Re1 c4 14. Qd1 Bxa3
15. Qa4+ Qc6 16. Qxa3 O-O-O 17. Bd2 h6 18. b4 g5 19. Qc1 Qc7 20. a4 b6 21. Be3
Rhg8 22. Bd4 Rg6 23. Bxd5 Rxd5 24. Qe3 Kb7 25. Ra2 g4 26. g3 h5 27. Rb2 Rg8 28.
Qf4 Rdd8 29. a5 b5 30. Bb6 Qd7 31. Bxd8 Rxd8 32. Rd2 Rh8 33. Re4 Qc7 34. Rd4 h4
35. Rd6 h3 36. Qxg4 Kc8 37. Qf3 Kb8 38. Rxa6 Qxe5 39. Qa8+ Kc7 40. Rc6+ Kd7 41.
Qb7+ 1-0